=LDR 00000nam 2200000 4500 =001 INLIS000000000033214 =005 20130612135201 =008 ***********************************ind** =035 ##$$0010-061300000033214 =041 ##$$a ind =082 ##$$a 001.422 =090 ##$$a 001.422, Sug s.4 =100 ##$$a SUGIYONO, Prof.Dr =245 ##$$a Statistik Nonparametis Untuk Penelitian / Prof.Dr.Sugiyono =260 ##$$a 2009 $b Bandung =300 ##$$a viii, 158 hlm, ilus, 24 cm =650 ##$$a Metode Statistik =850 ##$$a NBPNMAT